"United Kingdom" in All Featured Languages - Statistics

General Stats
  • This quiz has been taken 28 times
  • The average score is 3 of 9
Answer Stats
Language Name % Correct
English United Kingdom
100%
French Royaume-Uni
48%
Spanish Reino Unido
44%
Polish Wielka Brytania
32%
Portuguese Reino Unido
28%
German Vereinigtes Königreich
28%
Italian Regno Unito
24%
Dutch Verenigd Koninkrijk
12%
Finnish Yhdistynyt kuningaskunta
12%
No matching quizzes found
Score Distribution
Percent of People with Each Score
Percentile by Number Answered
Your Score History
You have not taken this quiz